000 00618nam a22001937a 4500
999 _c526235
_d526235
003 NUST
005 20190710050324.0
008 190710b ||||| |||| 00| 0 eng d
020 _qHardcover.
038 _aMr. Zahoor
082 _a510
100 _aShah, Syed Afaq Hussain
_917206
245 _aTerminal Value Problems for Fractional Differential Equations : Existence, Uniqueness and Stability /
_cSyed Afaq Hussain Shah
260 _aIslamabad :
_bSNS - NUST,
_c2015.
300 _a64 p. ;
_c30cm.
650 _aMathematics - M.Phil Thesis
_916594
700 _aDr. Mujeeb ur Rehman
_916447
942 _2ddc
_cTHE